Upravený zákon o verejnej službe

Informácia o štyroch novelách zákona č. 313/2001 Z.z. o verejnej službe, ktoré nadobudli účinnosť 1.4. 2002.

Guardado en:
Detalles Bibliográficos
Autor principal: Rosenbergerová, Alžbeta
Formato: Capítulo de libro
Lenguaje:eslovaco
Materias:
Etiquetas: Agregar Etiqueta
Sin Etiquetas, Sea el primero en etiquetar este registro!

MARC

LEADER 00000naa a2200000 4500
001 r045319
005 20231003082511.6
041 0 |a slo 
044 |a SK 
245 1 0 |a Upravený zákon o verejnej službe  |c Alžbeta Rosenbergerová 
520 |a Informácia o štyroch novelách zákona č. 313/2001 Z.z. o verejnej službe, ktoré nadobudli účinnosť 1.4. 2002. 
610 2 0 |a služba verejná 
610 2 0 |a zákony 
610 2 0 |a novelizácia 
610 2 0 |a úpravy právne 
610 2 0 |a Slovensko 
100 1 |a Rosenbergerová, Alžbeta